000 01340nam a2200265Ia 4500
001 17736
003 GE_BSU
008 181216s||||||||xx |||||||||||||| ||und||
020 _a9789941453717
040 _cGE_BSU
080 _a631.6(075.8)
100 _aლორთქიფანიძე, როზა., კელენჯერიძე, ნინო
245 _aაგროლანშაფტების მელიორაციული ტექნოლოგიები
245 _cრედ.: ჩაჩხიანი-ანასაშვილი ნუნუ
260 _aქუთაისი
260 _bაკაკი წერეთლის სახ. უნ-ტი
260 _c2015
300 _a236გვ.ილ.21სმ.
300 _eბიბლ.გვ.231
653 _aაგროლანშაფტების მელიორაციული ტექნოლოგიები
653 _aნიადაგის ფიზიკური და მექანიკური თვისებები
653 _aსასოფლო-სამეურნეო კულტურების მოვლა მოყვანა
653 _aწყალის მიმოქცევა და ფორმები ნიადაგში
942 _cBK
999 _c50784
_d50784